000 00532nam a22001937a 4500
003 KOHA_MİRAKIL
005 20251116164856.0
008 251116b tu ||||| |||| 00| 0 tur d
020 _a9786258487480
040 _aTR-AnABB
_btur
_cTR-AnABB
041 _atur
082 _a823.914
_bPYN 2021
100 1 _aPynchon, Thomas,
245 1 0 _aGizli kusur /
_cThomas Pynchon
260 _aİstanbul :
_bİthaki Yayınları,
_c2021
300 _a426 sayfa ;
_c21 cm
650 0 4 _aİngiliz edebiyatı, roman
942 _2ddc
_cBK
999 _c9457
_d9457
900 _bGizem YORULMAZ